Countries of the EU - Statistics

General Stats
  • This quiz has been taken 31 times
  • The average score is 25 of 27
Answer Stats
Hint Answer % Correct
1958 France
100%
1958 Germany
100%
1986 Portugal
100%
1986 Spain
100%
1973 Denmark
96%
1995 Finland
96%
1958 Italy
96%
1995 Sweden
96%
1995 Austria
93%
1958 Belgium
93%
2004 Estonia
93%
1973 Ireland
93%
2004 Latvia
93%
2004 Lithuania
93%
2004 Poland
93%
2007 Romania
93%
2004 Slovakia
93%
2007 Bulgaria
89%
2004 Czechia
89%
1958 Luxembourg
89%
1958 Netherlands
89%
2004 Slovenia
89%
1981 Greece
85%
2004 Hungary
85%
2013 Croatia
81%
2004 Cyprus
78%
2004 Malta
70%
No matching quizzes found
Score Distribution
Percent of People with Each Score
Percentile by Number Answered
Your Score History
You have not taken this quiz